000 00304nam a22001337a 4500
008 170704b xxu||||| |||| 00| 0 eng d
020 _a9780073199009
041 _aeng
080 _a82
100 _a22
101 _aGJL
245 _aEARLY CHILDHOOD AND ELEMENTARY LITERACY
_cMOSS,G
942 _2udc
_cBK
999 _c19902
_d19902